| 000 | 00472nam a2200145 a 4500 | ||
|---|---|---|---|
| 001 | 000021822 | ||
| 005 | 20200930011449.0 | ||
| 008 | 100913s1948 cu r 000 0 spa d | ||
| 040 |
_aDO-SdBNP _bspa _cBNPHU |
||
| 082 |
_axxxx _bS237c |
||
| 100 | 1 |
_aSantovenia, Emeterio S. _94532 |
|
| 245 | 1 | 0 |
_aCentenario y panegĂrico de Federico HenrĂquez y Carvajal / _cEmeterio S. Santovenia. |
| 260 |
_aLa Habana : _bEdiciones Oficiales del Senado, _c1948. |
||
| 300 |
_a76 p. ; _c19 cm. |
||
| 999 |
_c21320 _d21320 |
||